| 000 | 01407nam a2200241 a 4500 | ||
|---|---|---|---|
| 001 | 000025748 | ||
| 005 | 20250512125213.0 | ||
| 008 | 110222s1993 dr 000 0 spa d | ||
| 040 |
_aDO-SdBNP _bspa _cBNPHU |
||
| 082 |
_a338.925 _bP961e |
||
| 245 | 0 | 0 |
_aPrivatización de empresas públicas y rendimensionamiento del estado en la República Dominicana / _ccoordinación Andrés Dauhajre, Juan Lladó. |
| 260 |
_aSanto Domingo : _bFundación Economía y Desarrollo, _c1993. |
||
| 300 |
_a555 p. ; _c23 cm. |
||
| 500 | _aEste estudio fue realizado por un equipo de expertos contratados por la Fundación Economía y Desarrollo, Inc. bajo la coordinación general del Dr. Andrés Dauhajre, hijo y la dirección del Dr. Juan Lladó, investigador principal del estudio. La investigación fue posible gracias al alpyo económico recibido del Centro Internacional para el Desarrollo Económico (CINDE) y del Gobierno Dominicano a través de la Secretaría de Estado de Finanzas. | ||
| 590 | _aInventariado, 2019/MFF | ||
| 650 | 4 |
_aPrivatización _zRepública Dominicana _96938 |
|
| 650 | 4 |
_aPrivatización _zAmérica Latina _952550 |
|
| 651 | 4 |
_aRepública Dominicana _xPolítica Económica _9643 |
|
| 700 | 1 |
_aDauhajre, Andrés _96000 |
|
| 700 | 1 |
_aLladó, Juan _937138 |
|
| 710 | 2 |
_a Fundación Economía y Desarrollo (Santo Domingo, República Dominicana) _987751 |
|
| 910 | _aValidado. Control de calidad MFF | ||
| 999 |
_c25240 _d25240 |
||